Online Food Delivery During Covid Pandemic

Salvato in:
Dettagli Bibliografici
Autore principale: Petrovčiková, Katarína, 1977-
Natura: Capitolo di libro
Lingua:inglese
Soggetti:
Tags: Aggiungi Tag
Nessun Tag, puoi essere il primo ad aggiungerne!!

MARC

LEADER 00000naa$a2200000$$$4500
001 0281271
005 20240502074355.7
041 0 |a eng 
044 |a SK 
245 1 0 |a Online Food Delivery During Covid Pandemic  |c Katarína Petrovčiková 
500 |a abstrakt 
610 2 0 |a donáška do domu 
610 2 0 |a potraviny 
610 2 0 |a reštaurácie 
610 2 0 |a zákazníci 
610 2 0 |a pandémia 
100 1 |a Petrovčiková, Katarína, 1977-